| 000 | 01476nam0a2200373 4500 | ||
|---|---|---|---|
| 001 | RU\NLR\BIBL_A\022471513 | ||
| 005 | 20250327120027.0 | ||
| 010 |
_a978-5-17-115865-1 _93000 |
||
| 021 |
_aRU _bАЛ-П-24-00963и _9АЛ-П-24-0203 |
||
| 035 | _a(NLR Aleph) 022471513 | ||
| 090 |
_a13369788 _c13369788 |
||
| 100 | _a20250226d2024 u y0rusy50 ca | ||
| 101 | 1 |
_arus _ckor |
|
| 102 | _aRU | ||
| 105 | _aa t 000ay | ||
| 181 | 0 |
_ab3 _bbb2e |
|
| 181 | 0 |
_ai1 _baxxe |
|
| 182 | 0 | _an | |
| 200 | 1 |
_aВкусная Азия. Самая популярная еда _eкомикс-раскраска _fЧо Кёнгю _g[перевод с корейского: Екатерина Похолкова и др.] |
|
| 203 |
_aИзображение _aТекст _bвизуальные _cнепосредственные |
||
| 210 |
_aМосква _cАСТ _d2024 |
||
| 215 |
_a57, [1] с. _cил., цв. ил. _d24 |
||
| 225 | 1 | _aСерия "Комикс-раскраска" | |
| 300 | _aАвт. указан на обороте тит. с., на обл. и в вып. дан. | ||
| 333 | _a6+ | ||
| 606 | 1 |
_aАзиатская кухня _2nlr_sh2 _3RU\NLR\AUTH\661333837 |
|
| 686 | 0 | _aЩ153(5КоЮ)65-475 | |
| 686 | 1 | _aЛ997(3)Азиатская | |
| 700 | 0 | _aЧо Кёнгю | |
| 702 | 1 |
_aПохолкова _bЕ. А. _f1979- _gЕкатерина Анатольевна _4730 |
|
| 942 | _cBOOK | ||
| 980 | _aNB | ||